Alle Spieler des Hamburger SV in der 2. Bundesliga - Statistiken

Allgemein
  • Dieses Quiz wurde 199 mal gespielt
  • Das Durchschnittsergebnis liegt bei 41 aus 101
Antwortstatistiken
Position Einsätze Nation Spieler % Korrekt
Torwart 145 Portugal Daniel Heuer Fernandes
98%
Angriff 119 Deutschland Robert Glatzel
95%
Abwehr 116 Schweiz Miro Muheim
91%
Angriff 31 Deutschland Davie Selke
90%
Angriff 184 Gambia Bakery Jatta
85%
Angriff 89 Frankreich Jean-Luc Dompé
85%
Torwart 3 Deutschland Tom Mickel
84%
Angriff 95 Ghana Ransford Königsdörffer
80%
Torwart 18 Deutschland Matheo Raab
79%
Mittelfeld 120 Niederlande Ludovit Reis
76%
Abwehr 106 Deutschland Sebastian Schonlau
74%
Torwart 32 Deutschland Sven Ulreich
69%
Mittelfeld 130 Deutschland Jonas Meffert
67%
Torwart 37 Deutschland Julian Pollersbeck
67%
Abwehr 42 Kroatien Mario Vuskovic
66%
Abwehr 38 Frankreich William Mikelbrencis
63%
Mittelfeld 47 Suriname/Niederlande Immanuel Pherai
61%
Mittelfeld 60 Slowakei László Bénes
61%
Abwehr 70 Niederlande Rick van Drongelen
61%
Mittelfeld 31 Libyen/Deutschland Daniel Elfadli
60%
Abwehr 31 Japan Gotoku Sakai
59%
Angriff 14 Deutschland Otto Stange
59%
Mittelfeld 49 Finnland Anssi Suhonen
56%
Angriff 22 USA Bobby Wood
56%
Abwehr 33 Brasilien Douglas Santos
56%
Angriff 22 Kosovo Emir Sahiti
55%
Abwehr 19 Schweiz Silvan Hefti
54%
Mittelfeld 130 Deutschland Sonny Kittel
54%
Angriff 33 Deutschland Simon Terodde
52%
Mittelfeld 34 Polen Lukasz Poreba
51%
Torwart 7 Schweden Marko Johansson
51%
Angriff 27 Deutschland Pierre-Michel Lasogga
51%
Mittelfeld 31 Tschechien Adam Karabec
50%
Abwehr 49 Bosnien-Herzegowina Dennis Hadzikadunic
50%
Mittelfeld 25 Belgien Amadou Onana
49%
Mittelfeld 22 Deutschland Fabio Baldé
46%
Angriff 17 Deutschland Fiete Arp
46%
Abwehr 45 Ghana Stephan Ambrosius
45%
Angriff 14 Japan Tatsuya Ito
45%
Angriff 14 Finnland Joel Pohjanpalo
44%
Abwehr 116 Deutschland Moritz Heyer
44%
Mittelfeld 26 Deutschland Lewis Holtby
43%
Angriff 39 Ungarn András Németh
41%
Mittelfeld 72 Deutschland Aaron Hunt
40%
Abwehr 23 Portugal Guilherme Ramos
40%
Abwehr 25 Deutschland Noah Katterbach
39%
Mittelfeld 29 Belgien Orel Mangala
39%
Abwehr 78 Deutschland Tim Leibold
39%
Abwehr 25 Schottland David Bates
37%
Abwehr 55 Deutschland Gideon Jung
37%
Angriff 20 Südkorea Hee-chan Hwang
36%
Angriff 21 Deutschland Levin Öztunali
36%
Mittelfeld 27 Deutschland Marco Richter
35%
Angriff 33 Österreich Lukas Hinterseer
34%
Abwehr 54 Deutschland Jonas David
33%
Angriff 23 Österreich Martin Harnik
33%
Angriff 2 Norwegen Alexander Røssing-Lelesiit
32%
Abwehr 65 Deutschland Josha Vagnoman
32%
Angriff 28 Dänemark Mikkel Kaufmann
31%
Angriff 4 Schottland Adedire Mebude
29%
Mittelfeld 15 Türkei Berkay Özcan
29%
Abwehr 55 Tunesien Jeremy Dudziak
29%
Abwehr 3 Griechenland Kyriakos Papadopoulos
29%
Abwehr 19 Deutschland Toni Leistner
29%
Abwehr 23 Belgien Ignace Van der Brempt
28%
Angriff 77 Togo/Deutschland Khaled Narey
28%
Angriff 2 Deutschland Tom Sanne
28%
Angriff 16 Spanien Jairo Samperio
27%
Mittelfeld 6 England Tommy Doyle
27%
Angriff 10 England Xavier Amaechi
26%
Mittelfeld 31 Deutschland Adrian Fein
24%
Abwehr 5 Spanien Javi Montero
24%
Angriff 67 Deutschland Manuel Wintzheimer
24%
Mittelfeld 78 Deutschland David Kinsombi
23%
Abwehr 52 Deutschland Jan Gyamerah
23%
Mittelfeld 15 Albanien Klaus Gjasula
22%
Abwehr 16 Schweiz Leo Lacroix
21%
Abwehr 5 Deutschland Nicolas Oliveira
20%
Angriff 23 Deutschland Faride Alidou
19%
Mittelfeld 10 Georgien Giorgi Chakvetadze
19%
Mittelfeld 2 Ägypten Omar Megeed
19%
Abwehr 24 Niederlande Timo Letschert
19%
Abwehr 2 Deutschland Valon Zumberi
19%
Mittelfeld 8 Deutschland Elijah Krahn
18%
Abwehr 5 Brasilien Ewerton
18%
Abwehr 6 Frankreich Lucas Perrin
18%
Mittelfeld 8 Japan Masaya Okugawa
17%
Mittelfeld 3 Deutschland Matti Steinmann
17%
Mittelfeld 19 Deutschland Christoph Moritz
16%
Angriff 14 Deutschland Robin Meißner
15%
Abwehr 1 Deutschland Joel Agyekum
14%
Angriff 4 Deutschland Aaron Opoku
13%
Abwehr 11 Deutschland Jordan Beyer
13%
Angriff 14 Deutschland Filip Bilbija
12%
Mittelfeld 12 Österreich Louis Schaub
12%
Mittelfeld 22 Schweiz Vasilije Janjicic
12%
Abwehr 1 Deutschland Bent Andresen
11%
Abwehr 3 Deutschland Mats Köhlert
11%
Mittelfeld 7 Deutschland Ogechika Heil
10%
Abwehr 16 Deutschland Maximilian Rohr
9%
Mittelfeld 3 Deutschland Moritz-Broni Kwarteng
9%
Keine übereinstimmenden Quizze gefunden
Verteilung der Resultate
Anzahl Personen mit jedem Resultat
Perzentil nach korrekt beantworteten Fragen
Ihre Resultats-Entwicklung
Sie haben dieses Quiz noch nicht gespielt